[Event "IV Festival Scacchi Verdi A"]
[Site "Bresso ITA"]
[Date "2004.06.10"]
[Round "1"]
[White "Gandolfi, Gianfranco"]
[Black "Petetta, Roberto"]
[Result "1-0"]
[WhiteElo "1961"]
[BlackElo "1739"]
[PlyCount "85"]
[EventDate "2004.06.10"]

1. e4 c5 2. Nf3 d6 3. d4 cxd4 4. Nxd4 Nf6 5. Nc3 g6 6. Be3 Bg7 7. f3 O-O 8. Qd2
Nc6 9. Bc4 Bd7 10. O-O-O Qa5 11. Bb3 Rfe8 12. h4 Ne5 13. h5 Nxh5 14. g4 Nxf3
15. Nxf3 Bxg4 16. Nd5 Qxd2+ 17. Nxd2 Kf8 18. Rde1 e6 19. Nf4 Nf6 20. Nd3 Bh5
21. Rhf1 Kg8 22. Nf3 Bxf3 23. Rxf3 Nxe4 24. Bf4 d5 25. Be5 Bh6+ 26. Kd1 b5 27.
Ref1 Nd2 28. Rxf7 Nxf1 29. Rxf1 Rf8 30. Rh1 Bg7 31. Bd6 Rf5 32. Re1 Re8 33. c3
g5 34. Nc5 Kf7 35. Bc2 Rf2 36. Bxh7 Rxb2 37. Rf1+ Bf6 38. Be5 Kg7 39. Rxf6 Kxh7
40. Nxe6 g4 41. Ng5+ Kg7 42. Re6+ Kf8 43. Bd6+ 1-0

[Event "IV Festival Scacchi Verdi A"]
[Site "Bresso ITA"]
[Date "2004.06.10"]
[Round "1"]
[White "Laketic, Gojko"]
[Black "Nardone, Massimo"]
[Result "1-0"]
[WhiteElo "2409"]
[BlackElo "1843"]
[PlyCount "83"]
[EventDate "2004.06.10"]

1. e4 d6 2. d4 Nf6 3. Nc3 g6 4. Nf3 Bg7 5. Be2 Bg4 6. Be3 O-O 7. h3 Bxf3 8.
Bxf3 c6 9. O-O e5 10. dxe5 dxe5 11. Qxd8 Rxd8 12. Rad1 Rxd1 13. Rxd1 Nbd7 14.
g4 Nf8 15. g5 Ne8 16. Bg4 f6 17. h4 Kf7 18. Bc5 fxg5 19. hxg5 h6 20. Bxf8 Kxf8
21. Rd7 Kg8 22. Be6+ Kh7 23. gxh6 Kxh6 24. Rxb7 Bf8 25. Bd7 Nd6 26. Rc7 Rb8 27.
b3 Nb5 28. Rxc6 Nd4 29. Rc7 Nxc2 30. Rxa7 Nb4 31. Rc7 Bd6 32. Rc4 Nd3 33. Nb5
Be7 34. Rc3 Nc5 35. Bc6 Nxe4 36. Bxe4 Rxb5 37. Rc6 Rb4 38. Rxg6+ Kh5 39. Re6
Rxe4 40. Rxe7 Kg4 41. Kf1 Kf3 42. Rf7+ 1-0

[Event "IV Festival Scacchi Verdi A"]
[Site "Bresso ITA"]
[Date "2004.06.10"]
[Round "1"]
[White "Milan, Paolo"]
[Black "Aglietti, Graziano"]
[Result "1-0"]
[WhiteElo "1811"]
[BlackElo "2084"]
[PlyCount "101"]
[EventDate "2004.06.10"]

1. e4 e6 2. d4 d5 3. Nc3 Bb4 4. exd5 exd5 5. Bd3 Ne7 6. Nge2 O-O 7. Ng3 c5 8.
dxc5 d4 9. a3 Ba5 10. b4 dxc3 11. bxa5 Qxa5 12. O-O Nbc6 13. Qh5 g6 14. Qh6
Qxc5 15. Ne4 Qe5 16. Bg5 Nf5 17. Nf6+ Qxf6 18. Qxf8+ Kxf8 19. Bxf6 Nfd4 20.
Rab1 Rb8 21. Be4 Bf5 22. Bxc6 Nxc6 23. Bxc3 Bxc2 24. Rb2 Ba4 25. Rfb1 b6 26.
Rc1 Re8 27. Bb4+ Kg7 28. Rd2 Nxb4 29. axb4 Re4 30. Rb2 Bb5 31. f3 Rd4 32. Rc7
a6 33. Rb7 Rd6 34. Rc2 Ba4 35. Rc8 h5 36. Rcb8 b5 37. Rb6 Rd4 38. Rxa6 Rxb4 39.
Raa8 h4 40. Rg8+ Kf6 41. g4 Kg5 42. Ra7 Rb1+ 43. Kf2 Bb3 44. Rb8 Bc4 45. Rc7
Rb2+ 46. Ke3 Rxh2 47. Rc5+ Kf6 48. Kf4 g5+ 49. Rxg5 Rh1 50. Rb6+ Ke7 51. Re5+
1-0

[Event "IV Festival Scacchi Verdi A"]
[Site "Bresso ITA"]
[Date "2004.06.10"]
[Round "1"]
[White "Pace, Pietro Dario"]
[Black "Vignoli, Matteo"]
[Result "1/2-1/2"]
[WhiteElo "2126"]
[BlackElo "1817"]
[PlyCount "103"]
[EventDate "2004.06.10"]

1. e4 e5 2. Nf3 Nc6 3. Bb5 a6 4. Ba4 Nf6 5. O-O Be7 6. Re1 b5 7. Bb3 O-O 8. a4
Bb7 9. d3 d6 10. Nbd2 Na5 11. Ba2 c5 12. c3 Qc7 13. Nf1 c4 14. Ng3 g6 15. d4
Rfe8 16. d5 Nd7 17. h4 Nc5 18. Bh6 Nxa4 19. Ng5 Bf8 20. Bxf8 Rxf8 21. h5 Qe7
22. Qd2 Nc5 23. Qe3 Nab3 24. Bxb3 Nxb3 25. Rad1 Bc8 26. Nf3 f5 27. exf5 gxf5
28. Qe2 Nc5 29. Nd4 Nd3 30. Rf1 Qg7 31. Nf3 Bb7 32. Ne1 Bxd5 33. Nxd3 cxd3 34.
Qxd3 Bc4 35. Qxd6 Bxf1 36. Rxf1 Qf6 37. Qd5+ Kh8 38. Re1 e4 39. Qd2 Rad8 40.
Qf4 Rd3 41. Kh2 h6 42. Rc1 Kh7 43. c4 bxc4 44. Rxc4 Rf7 45. Rc8 Rd1 46. Rc5 Qg5
47. Qxg5 hxg5 48. Nxf5 Rd2 49. Kg3 Rxb2 50. Nd6 Rfxf2 51. Nxe4 Rxg2+ 52. Kf3
1/2-1/2

[Event "IV Festival Scacchi Verdi A"]
[Site "Bresso ITA"]
[Date "2004.06.10"]
[Round "1"]
[White "Pelizzola, Danilo"]
[Black "Stiz, Massimiliano"]
[Result "1-0"]
[WhiteElo "2081"]
[BlackElo "1802"]
[PlyCount "43"]
[EventDate "2004.06.10"]

1. e4 e6 2. d4 d5 3. exd5 exd5 4. Bd3 Nc6 5. Nf3 Nf6 6. Bg5 Be7 7. O-O Be6 8.
Nbd2 h6 9. Bh4 g5 10. Bg3 g4 11. Ne5 Nxd4 12. c3 Nf5 13. Qc2 Nxg3 14. fxg3 c6
15. Rae1 Qb6+ 16. Kh1 h5 17. Nxf7 Bxf7 18. Rxf6 h4 19. Rxf7 Kxf7 20. Bg6+ Kg8
21. Qf5 Rf8 22. Qe6+ 1-0

[Event "IV Festival Scacchi Verdi A"]
[Site "Bresso ITA"]
[Date "2004.06.11"]
[Round "2"]
[White "Astengo, Marcello"]
[Black "Laketic, Gojko"]
[Result "1-0"]
[WhiteElo "2069"]
[BlackElo "2409"]
[PlyCount "99"]
[EventDate "2004.06.10"]

1. d4 d6 2. c4 e5 3. dxe5 dxe5 4. Qxd8+ Kxd8 5. Nc3 Be6 6. b3 Nd7 7. Bb2 Bc5 8.
Nf3 f6 9. g3 Nh6 10. Bg2 c6 11. O-O Nf7 12. Rfd1 Kc7 13. Rac1 Rad8 14. a3 Nb6
15. Nd5+ Kb8 16. e4 Bg4 17. Nxb6 axb6 18. h3 Bxf3 19. Bxf3 Ng5 20. Bg2 Ne6 21.
a4 Bd4 22. Ba3 Nc5 23. Bxc5 bxc5 24. Kf1 Kc7 25. Ke2 Kb6 26. Rd3 Ka5 27. Rcd1
Kb4 28. R1d2 Ra8 29. Kd1 b5 30. cxb5 cxb5 31. axb5 Ra1+ 32. Ke2 Rha8 33. h4 Rc1
34. Bh3 Bc3 35. Rd8 Re1+ 36. Kf3 Ra5 37. R2d7 Rxb5 38. Be6 Rb6 39. Bc4 f5 40.
Rxg7 fxe4+ 41. Kg2 Rf6 42. Rb8+ Ka3 43. Rbb7 e3 44. fxe3 Rxe3 45. Rbf7 Rd6 46.
Rf2 Bd4 47. Rc2 Kb4 48. Rb7+ Ka3 49. Ra7+ Kb4 50. Ra4# 1-0

[Event "IV Festival Scacchi Verdi A"]
[Site "Bresso ITA"]
[Date "2004.06.11"]
[Round "2"]
[White "Berni, Francesco"]
[Black "Bonarrigo, Marco"]
[Result "1-0"]
[WhiteElo "1685"]
[BlackElo "1826"]
[PlyCount "89"]
[EventDate "2004.06.10"]

1. e4 e6 2. d4 d5 3. Nd2 Nf6 4. e5 Nfd7 5. c3 c5 6. Ndf3 Nc6 7. a3 a5 8. Bd3 f6
9. exf6 Nxf6 10. Nh3 Bd6 11. O-O O-O 12. Re1 Qc7 13. Nhg5 e5 14. dxe5 Nxe5 15.
Nxe5 Bxe5 16. h3 g6 17. Nf3 Bd6 18. Bh6 Rd8 19. Qd2 Bd7 20. Qg5 Kf7 21. Nh4 Rg8
22. Re3 Rae8 23. Rf3 Re6 24. Re3 Rxe3 25. Qxe3 Re8 26. Qg5 Re5 27. Bxg6+ hxg6
28. Qxg6+ Ke6 29. f4 Be8 30. f5+ Kd7 31. Qxf6 Kc8 32. Bf4 b5 33. Bxe5 Bxe5 34.
Qf8 Kd8 35. Re1 Qd6 36. Qxd6+ Bxd6 37. Kf2 Bf7 38. g4 Be7 39. Nf3 b4 40. Ne5
Bh4+ 41. Ke2 Bxe1 42. Nxf7+ Ke7 43. Kxe1 Kxf7 44. cxb4 axb4 45. axb4 1-0

[Event "IV Festival Scacchi Verdi A"]
[Site "Bresso ITA"]
[Date "2004.06.11"]
[Round "2"]
[White "Dragojlovic, Andjelko"]
[Black "Cardani, Roberto"]
[Result "1-0"]
[WhiteElo "2340"]
[BlackElo "1939"]
[PlyCount "41"]
[EventDate "2004.06.10"]

1. e4 c5 2. Nf3 d6 3. c3 Nf6 4. Be2 g6 5. O-O Bg7 6. Bb5+ Nbd7 7. Re1 O-O 8. d4
a6 9. Bf1 e5 10. dxe5 dxe5 11. a4 h6 12. Nbd2 Re8 13. Nc4 Qc7 14. a5 b5 15.
axb6 Nxb6 16. Ncxe5 Bb7 17. Qb3 Rxe5 18. Nxe5 Qxe5 19. Qxb6 Rb8 20. f4 Qh5 21.
Qc7 1-0

[Event "IV Festival Scacchi Verdi A"]
[Site "Bresso ITA"]
[Date "2004.06.11"]
[Round "2"]
[White "Ganci, Stefano"]
[Black "D'Apa, Matteo"]
[Result "0-1"]
[WhiteElo "1775"]
[BlackElo "1859"]
[PlyCount "44"]
[EventDate "2004.06.10"]

1. e4 c6 2. d4 d5 3. exd5 cxd5 4. c4 Nf6 5. Nc3 Nc6 6. Bg5 e6 7. Nf3 Be7 8. c5
O-O 9. Bb5 Re8 10. O-O Nd7 11. Bxe7 Nxe7 12. Re1 Qc7 13. Ne5 Nc6 14. Nxf7 Kxf7
15. Qh5+ Kf8 16. Qxh7 Nf6 17. Qh8+ Kf7 18. Qh4 Bd7 19. Qg5 Rh8 20. Bd3 Qxh2+
21. Kf1 Ne7 22. Be2 Qh1# 0-1

[Event "IV Festival Scacchi Verdi A"]
[Site "Bresso ITA"]
[Date "2004.06.11"]
[Round "2"]
[White "Milan, Paolo"]
[Black "Pelizzola, Danilo"]
[Result "0-1"]
[WhiteElo "1811"]
[BlackElo "2081"]
[PlyCount "114"]
[EventDate "2004.06.10"]

1. e4 c6 2. d4 d5 3. exd5 cxd5 4. c3 Nf6 5. Bd3 Nc6 6. Nf3 e6 7. Bf4 Be7 8. O-O
Bd7 9. Qe2 Rc8 10. Na3 a6 11. b4 O-O 12. Nc2 Na7 13. a4 Rxc3 14. b5 axb5 15.
axb5 Nxb5 16. Bxb5 Bxb5 17. Qxb5 Rxc2 18. Qxb7 Bd6 19. Bxd6 Qxd6 20. Ra6 Qf4
21. Ra8 Qc7 22. Rxf8+ Kxf8 23. Qa8+ Ne8 24. Qa3+ Kg8 25. Ra1 f6 26. Qe3 Kf7 27.
Re1 Rc6 28. h4 Qd7 29. Qf4 Kg8 30. g4 Nd6 31. g5 Nf5 32. gxf6 gxf6 33. Kh1 Qc7
34. Rg1+ Kf7 35. Qg4 Qb8 36. Qh5+ Ke7 37. Qxh7+ Kd6 38. Qf7 Qb3 39. Qf8+ Kc7
40. Qf7+ Kb6 41. Kg2 Qb2 42. Qxf6 Kb5 43. Qd8 Rb6 44. Qd7+ Kb4 45. Ne5 Qc2 46.
Ra1 Nxd4 47. Qe7+ Kb5 48. Qa3 Qe4+ 49. f3 Qe2+ 50. Kg1 Qxe5 51. Qa5+ Kc6 52.
Rc1+ Kb7 53. Ra1 Qg3+ 54. Kf1 Qxf3+ 55. Kg1 Ne2+ 56. Kh2 Qg3+ 57. Kh1 Qh3# 0-1

[Event "IV Festival Scacchi Verdi A"]
[Site "Bresso ITA"]
[Date "2004.06.11"]
[Round "2"]
[White "Mrdja, Milan"]
[Black "Gandolfi, Gianfranco"]
[Result "1-0"]
[WhiteElo "2405"]
[BlackElo "1961"]
[PlyCount "65"]
[EventDate "2004.06.10"]

1. e4 e5 2. Nf3 Nc6 3. Bb5 a6 4. Ba4 Nf6 5. O-O Be7 6. Re1 b5 7. Bb3 d6 8. c3
O-O 9. d4 Bg4 10. Be3 exd4 11. cxd4 Na5 12. Bc2 Nc4 13. Bc1 c5 14. b3 Nb6 15.
Bb2 Nfd7 16. Nbd2 cxd4 17. Qb1 d3 18. Bxd3 Bxf3 19. Nxf3 h6 20. Nd4 Ne5 21. Bf1
Bf6 22. Qd1 Rc8 23. Qd2 Nc6 24. Nf5 Bxb2 25. Qxb2 f6 26. Qd2 d5 27. Rac1 Kh7
28. Rcd1 dxe4 29. Nd6 Rc7 30. Qe3 Nc8 31. Qxe4+ Kg8 32. Nxb5 Rd7 33. Qe6+ 1-0

[Event "IV Festival Scacchi Verdi A"]
[Site "Bresso ITA"]
[Date "2004.06.11"]
[Round "2"]
[White "Murli, Almerico"]
[Black "Faccio, Fabio"]
[Result "1/2-1/2"]
[WhiteElo "1830"]
[BlackElo "1721"]
[PlyCount "69"]
[EventDate "2004.06.10"]

1. e4 c5 2. Nf3 d6 3. d4 cxd4 4. Nxd4 Nf6 5. Nc3 a6 6. Bc4 e6 7. Bb3 Be7 8. O-O
O-O 9. f4 Qc7 10. f5 e5 11. Nde2 b5 12. Nd5 Nxd5 13. Bxd5 Bb7 14. Nc3 Nd7 15.
Bxb7 Qxb7 16. Nd5 Nf6 17. Nxe7+ Qxe7 18. Qf3 Qb7 19. Re1 h6 20. g4 Rac8 21. g5
hxg5 22. Bxg5 Nh7 23. Qg2 Nxg5 24. Qxg5 f6 25. Qg2 Rc4 26. Rad1 Rfc8 27. c3 b4
28. Rxd6 bxc3 29. bxc3 Rxc3 30. Red1 Rc1 31. h4 Qc7 32. R6d2 Rxd1+ 33. Rxd1
Qc5+ 34. Kh2 Qe3 35. Rg1 1/2-1/2

[Event "IV Festival Scacchi Verdi A"]
[Site "Bresso ITA"]
[Date "2004.06.11"]
[Round "2"]
[White "Nardone, Massimo"]
[Black "Di Marco, Ruggero"]
[Result "1-0"]
[WhiteElo "1843"]
[BlackElo "1787"]
[PlyCount "78"]
[EventDate "2004.06.10"]

1. c4 e5 2. Nc3 Nc6 3. g3 g6 4. Bg2 Bg7 5. d3 f5 6. Nf3 d6 7. O-O Nf6 8. Rb1
Be6 9. Ng5 Bg8 10. b4 h6 11. Nf3 Rb8 12. b5 Ne7 13. Qa4 b6 14. Ne1 d5 15. e4 d4
16. Nd5 fxe4 17. Nxf6+ Bxf6 18. Bxe4 Be6 19. Ba3 Bf5 20. Bxe7 Bxe7 21. Bc6+ Kf7
22. Nf3 Bd6 23. Rbd1 Qf6 24. Kg2 Bg4 25. h3 Bf5 26. g4 Be6 27. Nd2 g5 28. Ne4
Qe7 29. Qxa7 Bb4 30. Qa4 Kg7 31. Ng3 Rhf8 32. Qc2 Kh8 33. Qe2 Bc8 34. Rh1 Bb7
35. Bxb7 Rxb7 36. Nf5 Qf6 37. h4 gxh4 38. Rxh4 Rf7 39. Rxh6+ Rh7 1-0

[Event "IV Festival Scacchi Verdi A"]
[Site "Bresso ITA"]
[Date "2004.06.11"]
[Round "2"]
[White "Naumkin, Igor"]
[Black "Damia, Angelo"]
[Result "1-0"]
[WhiteElo "2424"]
[BlackElo "2061"]
[PlyCount "57"]
[EventDate "2004.06.10"]

1. d4 Nf6 2. Nf3 g6 3. c4 Bg7 4. Nc3 O-O 5. e4 d6 6. Be2 e5 7. d5 a5 8. Bg5 h6
9. Bh4 Qe8 10. Nd2 Kh7 11. O-O Ng8 12. Kh1 Na6 13. a3 Bd7 14. b3 g5 15. Bg3 Ne7
16. Rb1 Ng6 17. Bg4 Qc8 18. f3 Nf4 19. Bf2 b6 20. Bxd7 Qxd7 21. Qc2 h5 22. Nd1
Bh6 23. Ne3 g4 24. fxg4 hxg4 25. Nf5 Ng6 26. Qd1 Ne7 27. Qxg4 Nxf5 28. exf5 Rg8
29. Qh3 1-0

[Event "IV Festival Scacchi Verdi A"]
[Site "Bresso ITA"]
[Date "2004.06.11"]
[Round "2"]
[White "Pedemonte, Claudio"]
[Black "Aleksic, Nenad"]
[Result "0-1"]
[WhiteElo "1943"]
[BlackElo "2384"]
[PlyCount "68"]
[EventDate "2004.06.10"]

1. c4 b6 2. d4 e6 3. Nf3 Nf6 4. g3 Bb7 5. Bg2 Be7 6. O-O O-O 7. Nc3 Ne4 8. Qc2
Nxc3 9. Qxc3 f5 10. Ne5 Bxg2 11. Kxg2 Bf6 12. f4 a5 13. Be3 d6 14. Nf3 Nd7 15.
Rad1 Qe8 16. Qd2 Qh5 17. d5 Rae8 18. Bf2 e5 19. fxe5 Nxe5 20. Nxe5 Rxe5 21.
Rde1 Rfe8 22. e3 Bg5 23. Qd3 Re4 24. Bg1 f4 25. gxf4 Bxf4 26. Kh1 Qh3 27. Qc2
Bg5 28. Qf2 Qd7 29. Qg3 h6 30. Rf3 Qg4 31. Qg2 Qxg2+ 32. Kxg2 Rxc4 33. Re2 Re5
34. b3 Rg4+ 0-1

[Event "IV Festival Scacchi Verdi A"]
[Site "Bresso ITA"]
[Date "2004.06.11"]
[Round "2"]
[White "Petetta, Roberto"]
[Black "Di Donato, Giovanni"]
[Result "0-1"]
[WhiteElo "1739"]
[BlackElo "1838"]
[PlyCount "36"]
[EventDate "2004.06.10"]

1. e4 e5 2. f4 Bc5 3. Nf3 d6 4. Bc4 Bg4 5. Nc3 a6 6. d3 Nc6 7. h3 Bxf3 8. Qxf3
Nd4 9. Qg3 Nxc2+ 10. Kd1 Nxa1 11. Qxg7 Qf6 12. Bxf7+ Qxf7 13. Qxh8 O-O-O 14.
fxe5 dxe5 15. Qxe5 Rxd3+ 16. Ke2 Qc4 17. Qf4 Re3+ 18. Kd1 Qd3+ 0-1

[Event "IV Festival Scacchi Verdi A"]
[Site "Bresso ITA"]
[Date "2004.06.11"]
[Round "2"]
[White "Stiz, Massimiliano"]
[Black "Aglietti, Graziano"]
[Result "1-0"]
[WhiteElo "1802"]
[BlackElo "2084"]
[PlyCount "45"]
[EventDate "2004.06.10"]

1. e4 e6 2. d4 d5 3. exd5 exd5 4. Nf3 Bd6 5. h3 Ne7 6. Bd3 O-O 7. Nc3 Bf5 8.
Be3 c6 9. g4 Bxd3 10. Qxd3 Na6 11. a3 Ng6 12. Ne2 Re8 13. O-O-O Qc7 14. Kb1 b5
15. h4 Nf4 16. Nxf4 Bxf4 17. Ng5 Bxg5 18. hxg5 g6 19. Bd2 Kg7 20. Qf3 Rh8 21.
Bf4 Qd7 22. Be5+ Kg8 23. Qf6 1-0

[Event "IV Festival Scacchi Verdi A"]
[Site "Bresso ITA"]
[Date "2004.06.11"]
[Round "2"]
[White "Tomelleri, Alessio"]
[Black "Pace, Pietro Dario"]
[Result "0-1"]
[WhiteElo "2042"]
[BlackElo "2126"]
[PlyCount "92"]
[EventDate "2004.06.10"]

1. e4 e5 2. Nf3 Nc6 3. Bb5 a6 4. Bxc6 dxc6 5. O-O Qd6 6. d4 exd4 7. Qxd4 Qxd4
8. Nxd4 Bd7 9. Be3 O-O-O 10. Nc3 Ne7 11. Rad1 c5 12. Nf3 Nc6 13. Ng5 Be8 14.
Nf3 Bd6 15. Nd5 f6 16. Nh4 Bd7 17. Nf3 Rhe8 18. Nd2 Nb4 19. Nxb4 cxb4 20. f3
Bb5 21. Rfe1 Be5 22. Rb1 b6 23. Kf2 Rd7 24. Nf1 Ba4 25. b3 Bb5 26. Red1 Red8
27. Rxd7 Rxd7 28. Nd2 Bc3 29. Nc4 Bxc4 30. bxc4 c5 31. Ke2 Be5 32. h3 Kc7 33.
Rd1 Bd6 34. Rd5 Kc6 35. Kd3 b5 36. Bf2 Rb7 37. Be3 bxc4+ 38. Kxc4 Rb5 39. Bf2
Ra5 40. Kb3 c4+ 41. Kxc4 Rxa2 42. Kb3 Ra3+ 43. Kb2 a5 44. Ba7 a4 45. Bd4 Be7
46. Ra5 b3 0-1

[Event "IV Festival Scacchi Verdi A"]
[Site "Bresso ITA"]
[Date "2004.06.11"]
[Round "2"]
[White "Vignoli, Matteo"]
[Black "Ducci, Roberto"]
[Result "1-0"]
[WhiteElo "1817"]
[BlackElo "1748"]
[PlyCount "118"]
[EventDate "2004.06.10"]

1. e4 c5 2. Nf3 Nc6 3. d4 cxd4 4. Nxd4 Nf6 5. Nc3 e5 6. Ndb5 d6 7. Nd5 Nxd5 8.
exd5 Ne7 9. c4 Ng6 10. Bd3 a6 11. Nc3 Be7 12. O-O O-O 13. Be3 f5 14. f3 Bg5 15.
Bf2 Nf4 16. Bc2 Bh6 17. Ne2 Qf6 18. Bg3 Nxe2+ 19. Qxe2 f4 20. Be1 Bd7 21. Bc3
Rfe8 22. b4 Rac8 23. Bb3 g5 24. Rfe1 Bg7 25. Rac1 Qg6 26. Bc2 Bf5 27. Bxf5 Qxf5
28. Qe4 Qd7 29. Bd2 b6 30. Rc2 Rc7 31. Rec1 Rec8 32. Be1 Bf8 33. Bf2 b5 34. c5
dxc5 35. bxc5 Rd8 36. Qxe5 Bg7 37. Qxg5 Re8 38. Qxf4 Be5 39. Qg4+ Qg7 40. Qxg7+
Rxg7 41. c6 Kf7 42. c7 Rc8 43. Rc6 Ke8 44. Re6+ Re7 45. Rxe7+ Kxe7 46. g4 Rxc7
47. Rxc7+ Bxc7 48. h4 a5 49. Kf1 b4 50. Ke2 a4 51. Bc5+ Bd6 52. Bd4 b3 53. axb3
a3 54. Kd3 a2 55. Kc2 Bc5 56. Ba1 Ba3 57. b4 Bxb4 58. Kb3 Be1 59. h5 Kd6 1-0

[Event "IV Festival Scacchi Verdi A"]
[Site "Bresso ITA"]
[Date "2004.06.12"]
[Round "3"]
[White "Aglietti, Graziano"]
[Black "Murli, Almerico"]
[Result "0-1"]
[WhiteElo "2084"]
[BlackElo "1830"]
[PlyCount "91"]
[EventDate "2004.06.10"]

1. Nf3 Nf6 2. g3 g6 3. Bg2 Bg7 4. O-O O-O 5. d4 d6 6. c4 Nbd7 7. Nc3 e5 8. d5
a5 9. Be3 h6 10. h3 Nh5 11. Qd2 Kh7 12. g4 Nhf6 13. g5 Ng8 14. h4 h5 15. Ne4
Ne7 16. Bh3 Nb6 17. Bxb6 Bxh3 18. Be3 Bxf1 19. Rxf1 Nf5 20. Ng3 Nxe3 21. Qxe3
f5 22. gxf6 Bxf6 23. Qe4 Kg7 24. Kh1 Be7 25. Nxh5+ Kh6 26. Rg1 Qe8 27. Qe3+ Kh7
28. Ng3 Rf4 29. Ne4 Qf8 30. Nfg5+ Bxg5 31. Nxg5+ Kh8 32. Qg3 Qf6 33. h5 Rg8 34.
hxg6 Rxg6 35. Qh3+ Rh6 36. Nf7+ Qxf7 37. Qxh6+ Qh7 38. Qxh7+ Kxh7 39. Rc1 Rxf2
40. Rc2 b6 41. Kg1 Rf4 42. e3 Re4 43. Kf2 Rh4 44. Kf3 Rh3+ 45. Kg4 Rxe3 46. Kg5
$138 0-1

[Event "IV Festival Scacchi Verdi A"]
[Site "Bresso ITA"]
[Date "2004.06.12"]
[Round "3"]
[White "Aleksic, Nenad"]
[Black "Mrdja, Milan"]
[Result "0-1"]
[WhiteElo "2384"]
[BlackElo "2405"]
[PlyCount "74"]
[EventDate "2004.06.10"]

1. e4 c5 2. Nf3 Nc6 3. d4 cxd4 4. Nxd4 Qc7 5. Nc3 e6 6. g3 a6 7. Bg2 Nf6 8. O-O
d6 9. Re1 Nxd4 10. Qxd4 e5 11. Qd3 h6 12. a4 Be7 13. a5 Be6 14. Be3 Rc8 15.
Rec1 O-O 16. Nd5 Bxd5 17. exd5 Nd7 18. Bh3 Rce8 19. b4 e4 20. Qb3 Bf6 21. Rab1
Ne5 22. c4 Bg5 23. Bg2 Nd3 24. Bxg5 hxg5 25. Rc2 f5 26. c5 Kh7 27. f3 Ne5 28.
fxe4 f4 29. Rf1 Rf6 30. gxf4 gxf4 31. cxd6 Qxd6 32. Qh3+ Rh6 33. Qf5+ Ng6 34.
Rc8 Rxc8 35. Qxc8 Nh4 36. Bh3 Qg6+ 37. Kf2 Qxe4 0-1

[Event "IV Festival Scacchi Verdi A"]
[Site "Bresso ITA"]
[Date "2004.06.12"]
[Round "3"]
[White "Astengo, Marcello"]
[Black "Dragojlovic, Andjelko"]
[Result "0-1"]
[WhiteElo "2069"]
[BlackElo "2340"]
[PlyCount "82"]
[EventDate "2004.06.10"]

1. d4 Nf6 2. c4 g6 3. Nc3 d5 4. cxd5 Nxd5 5. e4 Nxc3 6. bxc3 Bg7 7. Bc4 c5 8.
Be3 O-O 9. Ne2 Nc6 10. O-O Qc7 11. Rc1 Rd8 12. Qa4 Na5 13. Bd3 b6 14. Rfd1 e6
15. Bg5 Rf8 16. Bb1 Ba6 17. Ng3 h6 18. Be3 b5 19. Qa3 Bb7 20. Bd3 c4 21. Bb1 f5
22. Bd2 f4 23. Nf1 e5 24. Be1 Rad8 25. Nd2 Nc6 26. d5 Ne7 27. f3 Nc8 28. Bf2 a6
29. Bc2 Rf6 30. Qb2 Nd6 31. a4 g5 32. axb5 axb5 33. Ra1 Bf8 34. Ra7 Rd7 35.
Rda1 Rg6 36. Qa2 g4 37. fxg4 Rxg4 38. Bd1 Rg6 39. Bf3 Rdg7 40. Qa5 Qd7 41. Bc5
Qh3 0-1

[Event "IV Festival Scacchi Verdi A"]
[Site "Bresso ITA"]
[Date "2004.06.12"]
[Round "3"]
[White "Bonarrigo, Marco"]
[Black "Ganci, Stefano"]
[Result "1-0"]
[WhiteElo "1826"]
[BlackElo "1775"]
[PlyCount "61"]
[EventDate "2004.06.10"]

1. e4 e5 2. Nf3 Nc6 3. d4 exd4 4. Nxd4 Nf6 5. Nxc6 bxc6 6. e5 Qe7 7. Qe2 Nd5 8.
c4 Ba6 9. b3 g6 10. g3 Bg7 11. Bb2 O-O 12. Bg2 Rfe8 13. O-O Nb6 14. Re1 Qe6 15.
Nd2 Rab8 16. Nf3 Qe7 17. Qd2 Bb7 18. a4 Nc8 19. Rad1 Qd8 20. Qxd7 Ne7 21. Qg4
Qc8 22. Qf4 Qf5 23. Qe3 Ba8 24. Rd3 Rbd8 25. Red1 Rxd3 26. Rxd3 a6 27. Qd2 Qc8
28. Ba3 Bf8 29. Ng5 h6 30. Ne4 Kg7 31. Nf6 1-0

[Event "IV Festival Scacchi Verdi A"]
[Site "Bresso ITA"]
[Date "2004.06.12"]
[Round "3"]
[White "Cardani, Roberto"]
[Black "Stiz, Massimiliano"]
[Result "0-1"]
[WhiteElo "1939"]
[BlackElo "1802"]
[PlyCount "74"]
[EventDate "2004.06.10"]

1. e4 e6 2. d4 d5 3. Nc3 Bb4 4. e5 c5 5. a3 Bxc3+ 6. bxc3 Qc7 7. Nf3 Ne7 8. a4
Bd7 9. Bd2 Nbc6 10. Bb5 h6 11. O-O f6 12. Re1 O-O-O 13. Qc1 Ng6 14. exf6 gxf6
15. Qa3 c4 16. a5 e5 17. dxe5 fxe5 18. Qc5 e4 19. Nd4 Nxd4 20. Bxd7+ Rxd7 21.
Qxd4 a6 22. Qf6 Rg7 23. Reb1 Qe5 24. Qxe5 Nxe5 25. Bf4 Ng6 26. Bg3 h5 27. h4
Rf8 28. Rb6 Nf4 29. Bxf4 Rxf4 30. Rd6 Rxh4 31. Rxd5 Rhg4 32. Rad1 Rxg2+ 33. Kf1
h4 34. Rh5 e3 35. Rc5+ Kb8 36. Rd8+ Ka7 37. Rcc8 Rxf2+ 0-1

[Event "IV Festival Scacchi Verdi A"]
[Site "Bresso ITA"]
[Date "2004.06.12"]
[Round "3"]
[White "D'Apa, Matteo"]
[Black "Di Donato, Giovanni"]
[Result "0-1"]
[WhiteElo "1859"]
[BlackElo "1838"]
[PlyCount "78"]
[EventDate "2004.06.10"]

1. d4 d5 2. c4 c6 3. Nc3 Nf6 4. Nf3 a6 5. c5 Nbd7 6. Bg5 g6 7. e3 Bg7 8. Be2
O-O 9. O-O Qc7 10. Bf4 Qd8 11. Nd2 e5 12. Bg3 Re8 13. Re1 b5 14. b4 a5 15. a3
Kh8 16. dxe5 Nxe5 17. Bxe5 Rxe5 18. Nf3 Re8 19. Nd4 Qc7 20. Bf3 axb4 21. axb4
Rxa1 22. Qxa1 Bg4 23. Re2 Bxf3 24. Nxf3 Ne4 25. Nd4 Nxc3 26. Qxc3 Re4 27. Ra2
Bxd4 28. exd4 Qe7 29. h3 Qf6 30. Rd2 Re1+ 31. Kh2 Qf4+ 32. g3 Qe4 33. f3 Qb1
34. g4 Rh1+ 35. Kg3 Qe1+ 36. Kf4 Rxh3 37. Qe3 Qg3+ 38. Kg5 Qh4+ 39. Kf4 Qf6#
0-1

[Event "IV Festival Scacchi Verdi A"]
[Site "Bresso ITA"]
[Date "2004.06.12"]
[Round "3"]
[White "Damia, Angelo"]
[Black "Nardone, Massimo"]
[Result "1-0"]
[WhiteElo "2061"]
[BlackElo "1843"]
[PlyCount "142"]
[EventDate "2004.06.10"]

1. e4 d6 2. d4 Nf6 3. Nc3 g6 4. f4 Bg7 5. Nf3 c5 6. dxc5 Qa5 7. Bd3 Qxc5 8.
Bb5+ Bd7 9. Qe2 Ng4 10. Bxd7+ Nxd7 11. Bd2 Nb6 12. Qb5+ Qxb5 13. Nxb5 O-O 14.
h3 Nf6 15. Nc3 Nc4 16. O-O Nxd2 17. Nxd2 Nd7 18. Ne2 Nc5 19. c3 Rac8 20. Rac1
Nd3 21. Rc2 Nb4 22. Rcc1 Nd3 23. Rb1 Rc6 24. Rf3 Nc5 25. b3 Rd8 26. c4 Ne6 27.
Rd3 Bh6 28. g3 Nc5 29. Rf3 Re8 30. Nd4 Rcc8 31. Re1 a6 32. b4 Nd7 33. N4b3 Bg7
34. g4 b5 35. Rc1 Bb2 36. Rc2 Ba3 37. Nc5 dxc5 38. Rxa3 cxb4 39. Rxa6 bxc4 40.
Rxc4 Rxc4 41. Nxc4 Rc8 42. Ne3 Rc1+ 43. Kg2 Nc5 44. Rb6 Nd3 45. Nd5 Rc2+ 46.
Kf3 e6 47. Nf6+ Kf8 48. Rb8+ Ke7 49. e5 Ne1+ 50. Ke4 Re2+ 51. Kd4 Rd2+ 52. Kc4
Rd8 53. Rb7+ Kf8 54. Nxh7+ Kg8 55. Ng5 Rc8+ 56. Kxb4 Nd3+ 57. Kb5 Nxf4 58. Rxf7
Nxh3 59. Rf6 Nxg5 60. Rxg6+ Kf7 61. Rxg5 Ra8 62. a4 Rb8+ 63. Kc4 Ra8 64. Kb4
Rb8+ 65. Ka3 Rd8 66. a5 Rd4 67. a6 Rc4 68. Rh5 Kg7 69. Rg5+ Kf7 70. Rh5 Kg7 71.
Kb3 Rc6 1-0

[Event "IV Festival Scacchi Verdi A"]
[Site "Bresso ITA"]
[Date "2004.06.12"]
[Round "3"]
[White "Di Marco, Ruggero"]
[Black "Petetta, Roberto"]
[Result "1-0"]
[WhiteElo "1787"]
[BlackElo "1739"]
[PlyCount "122"]
[EventDate "2004.06.10"]

1. e4 c5 2. Nf3 d6 3. d4 cxd4 4. Nxd4 Nf6 5. Nc3 g6 6. Be3 Bg7 7. f3 O-O 8. Qd2
Nc6 9. Bc4 Bd7 10. O-O-O Ne5 11. Bb3 Qa5 12. Bh6 Bxh6 13. Qxh6 Rac8 14. Qd2
Rxc3 15. Qxc3 Qxc3 16. bxc3 Rc8 17. Kb2 Nc4+ 18. Bxc4 Rxc4 19. Nb3 b6 20. Rd4
Rc7 21. Nd2 Be6 22. Rb4 g5 23. Nb3 Ne8 24. h4 gxh4 25. Rxh4 f6 26. Nd4 Bf7 27.
Nf5 Bg6 28. Ne3 e6 29. Rc4 Rc5 30. Rxc5 dxc5 31. e5 fxe5 32. Ra4 a5 33. Rg4 Kf7
34. Nc4 Bf5 35. Rh4 b5 36. Nxa5 Nd6 37. c4 b4 38. c3 bxc3+ 39. Kxc3 e4 40. fxe4
Bxe4 41. Rxe4 Nxe4+ 42. Kd3 Nd6 43. Nb3 Nb7 44. a4 Ke7 45. a5 Nd8 46. Nxc5 Kd6
47. Nb3 Nc6 48. Ke4 Nb4 49. c5+ Ke7 50. Kd4 Nc6+ 51. Kc4 Kd7 52. Kb5 Kc7 53. a6
Na7+ 54. Kc4 Nc6 55. Nd4 Nd8 56. Kb5 e5 57. Nf5 Ne6 58. Nd6 Nd4+ 59. Kc4 Ne6
60. Nb5+ Kb8 61. Kd5 Nf4+ 1-0